| 000 | 00516nam a2200169Ia 4500 | ||
|---|---|---|---|
| 008 | 230718s9999 xx 000 0 und d | ||
| 020 | _a9788178001135 | ||
| 041 | _aeng | ||
| 082 |
_a005.4'32 _bVEN |
||
| 100 |
_aVenkateswarlu N.B. (Editor) _9192669 |
||
| 245 |
_aIntroduction To Linux _bInstallation And Programming |
||
| 260 |
_c2014 _bBS Publications |
||
| 300 | _a588 | ||
| 365 |
_cRs. _b425.00 |
||
| 700 |
_aVenkateswarlu N.B. (Editor) _9192669 |
||
| 906 |
_dO:0465207-Sep-2015B:IN 52808-Jul-2015 _cCOMP _b106.25 |
||
| 999 |
_c340302 _d340302 |
||